00672nam a2200193Ia 4500008004100000020001500041040001800056041000800074100002300082245004600105250001200151260007900163300001800242504002000260600007300280600004800353600004600401600003100447130821s1993 ck gr spa  a9589127401 aCo-BoUCMbspa aspa aGonzalez, Fernando aMi Simón BolívarcFernando González a5a. ed. aMedellín (Antioquia, Colombia)bUniversidad Pontificia Bolivarianac1993 a264 páginas aIncluye índic aBolívar, Simónd1783-1830vAnécdotas, chistes, sátiras, etc. aBolívar, Simónd1783-1830vBiografías aBolívar, Simónd1783-1830xPolítica aOchoa, LucasvBiografías